000
00325nam a22001337a 4500
003
LRUA
005
20231019211335.0
008
231019b xxu||||| |||| 00| 0 eng d
040
_c
RUA
082
_2
ADB GMS 2004 C336 Or.
245
_a
JOURNAL OF GMS DEVELOPMENT STUDIES
260
_a
Phnom Penh
_b
RUA
_c
2004
942
_2
ddc
_c
EK
999
_c
22036
_d
22036